| 000 | 00469nam a2200169Ia 4500 | ||
|---|---|---|---|
| 008 | 230917s9999||||xx |||||||||||||| ||und|| | ||
| 020 | _cUSD120 | ||
| 040 |
_e232578 _aMAIN |
||
| 041 | _aEnglish | ||
| 082 | _a625.8 E183P | ||
| 100 | _aEisenbery, Bethany, ed. | ||
| 245 | 0 | _aPermeable pavement | |
| 260 |
_aVirginia _bAmerican Society of Civil Engineering _c2015 |
||
| 300 | _axii, 215 p. | ||
| 500 | _a2302 15/03/2016 IBS15/368 15/03/2016 Main Budget | ||
| 942 | _cBK | ||
| 999 |
_c18403 _d18403 |
||